ARRUPE JESUIT UNIVERSITY

CORONAVIRUS -STOP THE SPREAD - CLEAN,DISINFECT,COVER

Humane Christianity : (Record no. 118374)

MARC details
000 -LEADER
fixed length control field 01300cam a22003138a 4500
001 - CONTROL NUMBER
control field 13915174
003 - CONTROL NUMBER IDENTIFIER
control field ARRUPE
005 - DATE AND TIME OF LATEST TRANSACTION
control field 20131022164957.0
008 - FIXED-LENGTH DATA ELEMENTS--GENERAL INFORMATION
fixed length control field 050330s2005 mau b 001 0 eng
010 ## - LIBRARY OF CONGRESS CONTROL NUMBER
LC control number 2005008869
020 ## - INTERNATIONAL STANDARD BOOK NUMBER
International Standard Book Number 1561012300 (pbk. : alk. paper)
040 ## - CATALOGING SOURCE
Original cataloging agency DLC
Transcribing agency DLC
Modifying agency DLC
042 ## - AUTHENTICATION CODE
Authentication code pcc
050 00 - LIBRARY OF CONGRESS CALL NUMBER
Classification number BV4501.3
Item number .B378 2005
082 00 - DEWEY DECIMAL CLASSIFICATION NUMBER
Classification number 248.4/83
Edition number 22
100 1# - MAIN ENTRY--PERSONAL NAME
Personal name Bartlett, Alan,
Dates associated with a name 1958-
9 (RLIN) 2629
245 10 - TITLE STATEMENT
Title Humane Christianity :
Remainder of title arguing with the classic Christian spiritual disciplines in the light of Jesus of Nazareth /
Statement of responsibility, etc Alan Bartlett.
260 ## - PUBLICATION, DISTRIBUTION, ETC. (IMPRINT)
Place of publication, distribution, etc Cambridge, Mass. :
Name of publisher, distributor, etc Cowley Publications,
Date of publication, distribution, etc 2005.
263 ## - PROJECTED PUBLICATION DATE
Projected publication date 0602
300 ## - PHYSICAL DESCRIPTION
Extent p. cm.
504 ## - BIBLIOGRAPHY, ETC. NOTE
Bibliography, etc Includes bibliographical references and index.
505 0# - FORMATTED CONTENTS NOTE
Formatted contents note Inhumane Christianity -- From poverty to simplicity -- From obedience to responsibility -- From chastity to the joy of sexuality -- From stability to patience -- From conversion to Christ.
610 20 - SUBJECT ADDED ENTRY--CORPORATE NAME
Corporate name or jurisdiction name as entry element Church of England
General subdivision History
Chronological subdivision 20th century.
9 (RLIN) 2630
650 #0 - SUBJECT ADDED ENTRY--TOPICAL TERM
Topical term or geographic name as entry element Spiritual life
General subdivision Christianity.
9 (RLIN) 2631
856 41 - ELECTRONIC LOCATION AND ACCESS
Materials specified Table of contents
Uniform Resource Identifier <a href="http://www.loc.gov/catdir/toc/ecip0511/2005008869.html">http://www.loc.gov/catdir/toc/ecip0511/2005008869.html</a>
906 ## - LOCAL DATA ELEMENT F, LDF (RLIN)
a 7
b rix
c orignew
d 1
e ecip
f 20
g y-gencatlg
942 ## - ADDED ENTRY ELEMENTS (KOHA)
Source of classification or shelving scheme Library of Congress Classification
Koha item type Monograph ( Printed materials)
Holdings
Withdrawn status Lost status Source of classification or shelving scheme Damaged status Not for loan Home library Current library Date acquired Total Checkouts Full call number Barcode Date last seen Price effective from Koha item type
    Library of Congress Classification     ARRUPE LIBRARY ARRUPE LIBRARY 22/10/2013   BT77.B28 2004 46411415 11/01/2017 22/10/2013 Monograph ( Printed materials)

 

Arrupe Library. PO Box MP320 Mt Pleasant, Harare, Zimbabwe
263 242 745411|librarian@aju.ac.zw